Το πέμπτον αίτημα των παραλλήλων του Ευκλείδου και θεμελιώδεις τίνες προτάσεις της υπερβολικής γεωμετρίας : [προσπάθειαι τίνες πρός απόδειξιν του περίφημου αιτήματος. Έρευναι επί της μη Ευκλείδειου γεωμετρίας. Θεμελιώδεις τίνες προτάσεις της υπερβολικής γεωμετριάς]
Saved in:
| Main Author: | |
|---|---|
| Format: | Book |
| Language: | Greek |
| Published: |
Αθήναι :
[χ.ό],
1957.
|
| Subjects: | |
| Tags: |
Add Tag
No Tags, Be the first to tag this record!
|
MARC
| LEADER | 00000cam a2200000 i 4500 | ||
|---|---|---|---|
| 001 | 1/9616 | ||
| 008 | 100720s1957 gr | ||| |||| ||gre|| | ||
| 035 | |l 10108710 | ||
| 040 | |a GR-MyUA |b gre |e AACR2 | ||
| 041 | 0 | |a gre | |
| 082 | 0 | |a 516.5 |2 (22) | |
| 100 | 1 | |a Ακύλας, Ανάργυρος Ν. | |
| 245 | 1 | 3 | |a Το πέμπτον αίτημα των παραλλήλων του Ευκλείδου και θεμελιώδεις τίνες προτάσεις της υπερβολικής γεωμετρίας : |b [προσπάθειαι τίνες πρός απόδειξιν του περίφημου αιτήματος. Έρευναι επί της μη Ευκλείδειου γεωμετρίας. Θεμελιώδεις τίνες προτάσεις της υπερβολικής γεωμετριάς] / |c Ανάργυρου Ν. Ακύλα. |
| 260 | |a Αθήναι : |b [χ.ό], |c 1957. | ||
| 300 | |a 91 σ. : |b εικ. ; |c 24 εκ. | ||
| 500 | |a "Αεί ο Θεός γεωμετρεί" Πλάτων | ||
| 504 | |a Βιβλιογραφία: σ. [93]. | ||
| 650 | 0 | 0 | |a Geometry, Projective. |
| 650 | 0 | 0 | |a Geometry, Non-Euclidean. |
| 852 | |a INST |b SAMOS |c MAG |e 20100720 |h 516.5 ΑΚΥ |p 005300031432 |q 005300031432 |t BK |y 0 | ||
| 901 | |a BIBL3-2010-2 | ||
| 909 | |a Σ |b 165917 | ||
| 970 | |a ΣΙΤΖΙΜΗ |b ΓΙΑΣΕΜΗ |z 2010/07/20 | ||